| 000 | 00694nam a22002057a 4500 | ||
|---|---|---|---|
| 003 | Nust | ||
| 005 | 20241210095500.0 | ||
| 008 | 170216b xxu||||| |||| 00| 0 eng d | ||
| 040 | _cNust-MCE | ||
| 082 | _a200 | ||
| 100 |
_aRaja Shabab Nowsherwan _950875 |
||
| 245 |
_aCoal mine risk management in eastern salt range of Punjab/ _cRaja Shabab Nowsherwan |
||
| 260 |
_aRisalpur, _bMCE, |
||
| 300 |
_a109, p; _c35, cm. |
||
| 526 | _aMS-Construction Engineering and Management | ||
| 690 |
_xMS-Construction Engineering and Management _9126573 |
||
| 700 |
_a Supervisor Dr. Muhammad Jawed Iqbal _9126707 |
||
| 856 | _uhttp://10.250.8.41:8080/xmlui/handle/123456789/11784 | ||
| 942 |
_cSC _2ddc |
||
| 999 |
_c232280 _d232280 |
||